000 00495cam a22001577a 4500
008 180718b1960 xxu||||| |||| 00| 0 eng d
082 _aB5x44 W674d
100 _aWilliams, Philip M.
245 _aDe Gaulle's republic
_cby Philip M. Williams and Martin Harrison
260 _aLondon
_bLongmans
_c1960
300 _avii, 279p
650 _aAlgeria --History --1945.
650 _aFrance --Politics and government --1945
650 _aGaulle, Charles de, 1890-1970
700 _aHarrison, Martin
999 _c421963
_d421963